[Event "AUT-chT 9596"]
[Site "Austria"]
[Date "1996.??.??"]
[Round "?"]
[White "Uhlmann, Wolfgang"]
[Black "Atlas, Valeri"]
[Result "1-0"]
[WhiteElo "2460"]
[BlackElo "2440"]
[Annotator "Atlas,V"]
[PlyCount "75"]
[EventDate "1995.??.??"]
[EventType "team"]
[EventRounds "11"]
[EventCountry "AUT"]
[SourceTitle "CBM 052"]
[Source "ChessBase"]
[SourceDate "1996.06.01"]
[SourceVersion "1"]
[SourceVersionDate "1996.06.01"]
[SourceQuality "1"]

1. c4 Nf6 2. Nc3 c5 3. Nf3 e6 4. g3 b6 5. Bg2 Bb7 6. d4 cxd4 7. Qxd4 d6 8. O-O
Be7 9. e4 O-O 10. Qe3 Nbd7 11. Nd4 Re8 12. b3 d5 $1 $146 {Gelfand} 13. exd5
exd5 14. Nf5 $1 (14. Nxd5 Nxd5 15. cxd5 Bf6 16. Qd2 Nc5 $1 $15) 14... Bb4 $1 $8
(14... Bf8 $2 15. Qg5 $18 {/\Nh6}) (14... Bc5 $2 15. Qg5 g6 16. cxd5 $18) 15.
Qg5 g6 16. Bb2 $6 (16. Nxd5 Nxd5 17. Nh6+ Kg7 18. cxd5 (18. Qxd8 $2 Raxd8 19.
cxd5 Bc3 20. Rb1 Ba6 21. Rd1 Be2) 18... Qxg5 $5 (18... Bc3 19. Rb1 (19. Nf5+
Kg8 20. Nd6 $6 (20. Nh6+ Kg7 $10) 20... Bxa1 21. Qxd8 Raxd8 22. Nxb7 Rb8 23. d6
Rec8 $17) 19... Qxg5 20. Bxg5 Bf6 21. h4 Re2 $44) 19. Bxg5 f5 (19... Re5 20.
Bf4 Rh5 21. Ng4 Bxd5 22. Rfd1 Bxg2 23. Kxg2 $16) 20. Rac1 Bd6 $44) 16... Re5 $1
17. Nh6+ Kg7 18. Qc1 (18. Qf4 g5 19. Nf5+ Kg6 20. Nh4+ gxh4 21. Nxd5 Rf5 $17)
18... d4 $1 $17 19. Nb5 $1 (19. Bxb7 dxc3 20. Bxc3 Bxc3 21. Qxc3 Rb8 $19) (19.
Nd5 Bxd5 20. cxd5 Bc3 $1 $17) 19... Bxg2 20. Kxg2 {[#]} Rxb5 $2 (20... Rh5 $142
$1 21. Nxd4 Qc8 $3 (21... Rxh6 $5 22. Nc6 Qc8 (22... Qf8 23. Nxb4 Qxb4 24. Rd1
$1 $18 Qc5 25. Rxd7 Rxh2+ 26. Kxh2 Qxf2+ 27. Kh3 Qf5+ 28. Kg2 Qxd7 29. Bxf6+)
23. Nxb4 Ne5 $1 24. h4 (24. Qxh6+ $5 Kxh6 25. Bxe5 $44) 24... Rxh4 $1 25. Rh1
Rxh1 (25... Qb7+ 26. Nd5 Nxd5 27. Bxe5+ Kg8 (27... f6 28. cxd5 Qxd5+ (28...
Rxh1 29. Bxf6+ Kxf6 30. Qc3+ Kf7 31. Qf3+ $18) 29. f3 Rxh1 (29... Rc8 30. Rd1
$1 Rxc1 (30... Qxe5 31. Rd7+ $18) 31. Rxd5 Rc2+ 32. Kg1 Rhh2 33. Bd4 $18) 30.
Qc7+ Qf7 31. Rxh1 $18) (27... Nf6+ 28. f3 Rxh1 29. Qxh1 $16) 28. f3 Rxh1 29.
Qxh1 (29. Kxh1 Re8 $1 $36) 29... f6 (29... Re8 $4 30. Qxh7+ $1 $18) (29... Ne3+
30. Kf2 Nf5 31. f4 $16) 30. Bd4 $14) 26. Qxh1 Qb7+ 27. Nd5 Nxd5 28. Kg1 $1 f6
$10 29. Rd1 Rd8 30. Qe4 $14) (21... Ne5 $6 22. Qe3 $1 Qc8 (22... Bd6 23. f4
Rxh2+ (23... Rxh6 24. fxe5 Rxh2+ 25. Kg1 $18) 24. Kxh2 Neg4+ 25. Nxg4 Nxg4+ 26.
Kg1 Nxe3 27. Ne6+ $18) 23. Nhf5+) (21... Nc5 $2 22. Nc6 Qd7 23. Bxf6+ Kxf6 24.
Qb2+ Kg5 25. Nxf7+ $18) 22. Nc2 Ne5 $1 23. h4 (23. Bxe5 Qh3+ 24. Kf3 Rxe5 25.
Nxb4 g5 $1 (25... Ne4 $5 26. Qb2 (26. Nxf7 Rf8 $19) 26... f6 27. Rfe1 (27. Rae1
Ng5+ 28. Kf4 Qxf1) 27... Ng5+ 28. Kf4 Qg2 $1 $19) 26. Nd3 g4+ 27. Kf4 (27. Nxg4
Qxg4+ 28. Kg2 Qe4+ $19) 27... Rae8 (27... Re4+ 28. Kf5 Qh5+ 29. Qg5+ Qg6+ 30.
Qxg6+ hxg6+ 31. Kg5 Nh7+ $19) 28. Nxe5 (28. Nf5+ Rxf5+ 29. Kxf5 Qh5+ 30. Qg5+
Qg6+ 31. Qxg6+ fxg6+ 32. Kf4 Re4+ 33. Kg5 h6+ 34. Kh4 g5#) 28... Qxh6+ 29. Kf5
Qg6+ $3 30. Nxg6 fxg6+ 31. Kf4 Re4+ 32. Kg5 h6+ 33. Kh4 Re5 $19) 23... Bd6 (
23... Qc6+ $6 24. f3 Bd6 (24... Nd3 $2 25. Nxb4 $18) 25. Nd4) (23... Nd3 24.
Bxf6+ Kxf6 25. Qe3 $18) 24. f4 $1 (24. Rd1 Qc6+) (24. Qf4 Qc6+ 25. f3 Ned7 26.
Qd2 Rxh6 27. Rad1 Be5 $19) (24. Qe3 Qc6+ 25. f3 Re8 $17) 24... Qc6+ (24... Nd3
25. Bxf6+ Kxf6 26. Qe3 Qc6+ 27. Kh2) 25. Kh3 (25. Kh2 Nf3+ 26. Rxf3 Qxf3 27.
Bxf6+ Kxf6 28. Qb2+ Ke7 29. Re1+ Kd7 30. Nxf7 (30. Qf6 Qf2+ 31. Kh1 Qxc2 $19)
30... Qf2+ 31. Kh3 Bxf4 {-/+/-+}) (25. Kg1 $2 Nf3+ 26. Rxf3 Qxf3 27. Bxf6+ Kxf6
28. Qb2+ Ke7 $19) 25... Qd7+ (25... Rxh6 $5 26. fxe5 Bxe5 27. Bxe5 Qe6+ 28. Kg2
Qxe5 $13) 26. Kg2 (26. Kh2 Rxh6 27. fxe5 Ng4+) 26... Qc6+ $10) (20... g5 $2 21.
Nxd4 Kxh6 22. Nc6 $18) 21. cxb5 Nc5 (21... Ne5 22. Qg5 Qd5+ 23. f3 Neg4 24.
Qxd5 Ne3+ 25. Kf2 Nexd5 26. Ng4 $18) 22. Qc4 $1 $16 Kxh6 23. Qxb4 Ne6 (23...
Qd5+ 24. f3 $16) 24. Rad1 Qd5+ 25. Kg1 Rd8 (25... Ng5 26. Bc1) 26. Qc4 Qe4 27.
Rfe1 Qg4 28. Qe2 Qh3 29. f3 Qf5 (29... Kg7 30. Qe5) 30. Qe5 Rd5 31. Qxf5 gxf5
32. Rd3 Nd7 33. Kf2 Nec5 34. Rd2 Kg6 35. Red1 d3 36. Bc3 $18 f4 37. Bb4 fxg3+
38. hxg3 1-0

[Event "BIH-chT"]
[Site "Neum"]
[Date "2004.06.01"]
[Round "4.3"]
[White "Milanovic, Danilo"]
[Black "Bistric, Faruk"]
[Result "1-0"]
[WhiteElo "2428"]
[BlackElo "2488"]
[Annotator "Atlas,V"]
[PlyCount "59"]
[EventDate "2004.05.29"]
[EventType "team"]
[EventRounds "9"]
[EventCountry "BIH"]
[SourceTitle "CBM 102"]
[Source "ChessBase"]
[SourceDate "2004.09.23"]
[SourceVersion "1"]
[SourceVersionDate "2004.09.23"]
[SourceQuality "1"]
[WhiteTeam "S Saraj"]
[BlackTeam "Sarajevo Zeljeznicar"]
[WhiteTeamCountry "BIH"]
[BlackTeamCountry "BIH"]

1. c4 c5 2. b3 Nc6 3. Bb2 e5 4. e3 g6 5. d3 Bg7 6. Nd2 Nge7 7. a3 O-O 8. Qc2 d6
9. Be2 f5 10. Ngf3 h6 11. h3 Be6 12. g4 fxg4 13. hxg4 Bxg4 14. O-O-O Rf5 15.
Rhg1 h5 16. Rg3 Qd7 17. Rdg1 Raf8 18. Qd1 g5 19. Ne4 Bxf3 {Despite the extra
pawn, Black has very serious problems with defending his weak kingside. Trotz
des Mehrbauern hat Schwarz sehr ernste Probleme mit der Verteidigung seines
schwachen Königsflügels.} 20. Bxf3 g4 ({The radical Das radikale} 20... Rxf3 {
falls short of scheitert an} 21. Rxf3 Rxf3 22. Qxf3 g4 23. Qh1 {, winning. mit
Gewinn.}) {[%tqu "En","White's attack needs extra power. Do you see the way to
fuel it up?","Open the g-file for your major pieces!","Sacrifice your bishop!",
"f3g4","This sacrifice decides the game for White.",6,"De","Der weiße Angriff
braucht zusätzliche Kraft. Sehen Sie, wie er sich verstärken lässt?","Öffnen
Sie die g-Linie für Ihre Schwerfiguren!","Opfern Sie Ihren Läufer!","f3g4",
"Dieser Einschlag entscheidet die Partie für Weiß.",6]} 21. Bxg4 $1 {[%csl Rd7,
Gg1,Gg3,Rg7,Rg8][%cal Gg1g8] This sacrifice yields White a decisive advantage.
Dieses Opfer bringt Weiß entscheidend in Vorteil.} hxg4 22. Qxg4 {[%csl Rd7,
Ge4,Rf5,Gg1,Gg3,Gg4,Rg7][%cal Gg4d7,Gg1g7]} Nc8 (22... R8f7 {is elegantly
refuted by findet die elegante Widerlegung} 23. Nf6+ $1 {, winning on the spot:
mit sofortigem Sieg:} R5xf6 (23... R7xf6 24. Qxg7#) 24. Qxd7) 23. Qxg7+ Qxg7
24. Rxg7+ Kh8 25. Rxb7 {Black's position is hopeless. The rest needs no
comments. Die schwarze Stellung ist hoffnungslos. Der Rest bedarf keines
Kommentars.} R5f7 26. Rxf7 Rxf7 27. f4 Rf5 28. Rg5 Rxg5 29. Nxg5 Kg8 30. fxe5
1-0

[Event "EU-Cup 19th"]
[Site "Rethymno"]
[Date "2003.09.29"]
[Round "2.6"]
[White "Pantsulaia, Levan"]
[Black "Palac, Mladen"]
[Result "1-0"]
[WhiteElo "2461"]
[BlackElo "2561"]
[Annotator "Atlas,V"]
[PlyCount "55"]
[EventDate "2003.09.28"]
[EventType "team-swiss"]
[EventRounds "7"]
[EventCountry "GRE"]
[SourceTitle "CBM 098"]
[Source "ChessBase"]
[SourceDate "2004.02.03"]
[SourceVersion "1"]
[SourceVersionDate "2004.02.03"]
[SourceQuality "1"]
[WhiteTeam "Tbilisi"]
[BlackTeam "Kiseljak"]
[WhiteTeamCountry "GEO"]
[BlackTeamCountry "BIH"]

1. Nf3 Nf6 2. c4 b6 3. g3 c5 4. Bg2 Bb7 5. O-O e6 6. Nc3 Be7 7. d4 cxd4 8. Qxd4
d6 9. Bg5 a6 10. Rfd1 Nbd7 11. Nd2 Bxg2 12. Kxg2 Rc8 13. Nde4 Rc6 14. Bxf6 Bxf6
15. Nxf6+ Nxf6 16. Rd3 O-O 17. Rad1 Qc7 18. b3 Rc8 19. Ne4 Ne8 20. a4 Qb7 21.
Kg1 b5 $6 {This appealing move turns out to be a mistake. Dieser scheinbar
attraktive Zug erweist sich als Fehler.} (21... Qe7 {was to be preferred. war
vorzuziehen.}) 22. cxb5 axb5 23. Qb4 $1 d5 24. Nc3 Nd6 25. axb5 h6 (25... Rc5 {
was a better choice, although White retains an advantage after war eine
bessere Wahl, obwohl Weiß auch dann im Vorteil bleibt:} 26. b6 R5c6 27. Na4)
26. e4 $1 {This energetic continuation yields White excellent winning chances.
Diese energische Fortsetzung verschafft Weiß ausgezeichnete Gewinnchancen.}
dxe4 27. Nxe4 $6 ({Better was Besser war} 27. Rxd6 Rxc3 28. Rd7 {, retaining a
large advantage. mit großem Vorteil.}) 27... Qxb5 $2 ({A decisive mistake.
Essential was Ein entscheidender Fehler. Notwendig war} 27... Nxb5 {, and , da
auf} 28. Rd7 {can be parried by die Parade} R6c7 $1 (28... R8c7 {is elegantly
refuted by wird elegant widerlegt durch} 29. Nf6+ $1 gxf6 30. Rd8+ Kh7 31. Qg4
{, with inevitable mate mit undeckbarem Matt}) {, and White cannot play
möglich ist, wonach} 29. Nf6+ {, in view of nicht funktioniert:} gxf6 30. Qg4+
Kh7 31. Rd8 Rxd8 32. Rxd8 Rc1+) {[%tqu "En","How can White punish Black's last
'smart' move?","Watch out for geometrical motifs and exploit the weakness of
Black' back rank.","Sacrifice your queen!","b4d6","This simple and nice move
wins on the spot.",4,"De","Wie kann Weiß den letzten 'cleveren' schwarzen Zug
bestrafen?","Achten Sie auf geometrische Motive, und schlagen Sie Kapital aus
der Schwäche der schwarzen Grundreihe.","Opfern Sie die Dame!","b4d6","Dieser
ebenso einfache wie schöne Zug gewinnt auf der Stelle.",4]} 28. Qxd6 $1 {
[%csl Rb5,Rc8,Rd8,Ge4,Rg8][%cal Gd1d8]} ({A remarkable game conclusion. Black
resigned in view of huge material losses: Ein sehenswerter Partieschluss.
Schwarz gab auf, denn er steht vor gewalten Materialverlusten:} 28. Qxd6 Rxd6
29. Nxd6 Qc6 30. Nxc8 {, and the knight is invulnerable: und der Springer ist
unantastbar:} Qxc8 $2 31. Rd8+ {, winning the queen. mit Damengewinn.}) 1-0

[Event "EU-ch 2nd"]
[Site "Ohrid"]
[Date "2001.06.10"]
[Round "9"]
[White "Akopian, Vladimir Eduardovic"]
[Black "Greenfeld, Alon"]
[Result "0-1"]
[WhiteElo "2654"]
[BlackElo "2570"]
[Annotator "Atlas,V"]
[PlyCount "72"]
[EventDate "2001.06.01"]
[EventType "swiss"]
[EventRounds "13"]
[EventCountry "YUG"]
[SourceTitle "CBM 084"]
[Source "ChessBase"]
[SourceDate "2001.09.13"]
[SourceVersion "1"]
[SourceVersionDate "2001.09.13"]
[SourceQuality "1"]

1. c4 Nf6 2. Nf3 c5 3. g3 b6 4. Bg2 Bb7 5. O-O g6 6. d4 cxd4 7. Qxd4 Bg7 8. Nc3
d6 9. Be3 Nbd7 10. Rac1 a6 11. Nd5 Rb8 12. Qd2 O-O 13. Nd4 b5 14. Nxf6+ Bxf6
15. cxb5 axb5 16. Bh6 Bg7 17. Bxg7 Kxg7 18. Bxb7 Rxb7 19. Nc6 Qe8 20. Na5 Rb6
21. Rc7 e5 22. Nb7 Qe6 23. Rd1 Nf6 24. Nxd6 Kg8 25. Nb7 Qxa2 26. Nc5 Qa8 27. b4
Rc6 28. Re7 Re8 29. Rxe8+ Qxe8 30. Qd3 Kg7 31. Qxb5 $4 ({A fatal mistake. After
} 31. Ra1 {White retains durable advantage.}) {[%tqu "En","White's last move
was a serious mistake. How would you prove it?","Exploit a shaky position of
the white queen and rook.","Use your rook for the decisive blow.","c6d6","This
elegant move yields Black a decisive material advantage.",5]} 31... Rd6 $1 {
[%csl Rb5,Rd1][%cal Gd6d1,Ge8b5]} 32. Ne6+ (32. Qxe8 {loses after} Rxd1+ 33.
Kg2 Nxe8 {White sacrifices his knight, in order to avoid bigger material
losses, but it does not help either.}) 32... Qxe6 33. Ra1 Rd5 34. Qa4 Qh3 35.
f3 e4 36. Qa7 exf3 (36... exf3 {And White in view of} 37. exf3 Rd2) 0-1

[Event "Moscow Aeroflot op"]
[Site "Moscow"]
[Date "2002.02.09"]
[Round "8"]
[White "Wojtkiewicz, Aleksander"]
[Black "Bologan, Viktor"]
[Result "0-1"]
[WhiteElo "2535"]
[BlackElo "2651"]
[Annotator "Atlas,V"]
[PlyCount "48"]
[EventDate "2002.02.04"]
[EventType "swiss"]
[EventRounds "9"]
[EventCountry "RUS"]
[SourceTitle "CBM 088"]
[Source "ChessBase"]
[SourceDate "2002.03.21"]
[SourceVersion "1"]
[SourceVersionDate "2002.03.21"]
[SourceQuality "1"]

1. Nf3 c5 2. c4 Nc6 3. d4 cxd4 4. Nxd4 e6 5. g3 Qb6 6. e3 Bc5 7. Nb3 Be7 8. Bg2
Nf6 9. O-O O-O 10. Nc3 d6 11. Nd2 Rd8 12. Nde4 Nxe4 13. Nxe4 Qa6 14. b3 d5 15.
cxd5 exd5 16. Nc3 Be6 17. Bb2 d4 18. exd4 Nxd4 19. Qh5 Rac8 20. Nd5 $2 {
[%tqu "En","How can Black punish White's last 'smart' move?","Exploit the
shaky position of the d5-knight and watch out for geometrical motifs.",
"Sacrifice the exchange to gain time for the incursion into the enemy camp.",
"d8d5","Most excellent! This unexcpected exchange sacrifice is a brilliant
refutation of White's premature knight thrust.",6]} Rxd5 $3 {[%csl Ga6,Gd4]
This is a very nice idea, particularly in conjunction with Black's next move.}
21. Bxd5 {[%tqu "En","How would you justifiy the exchange sacrifice on the
previous move?","Exploit the shaky position of White's queen and bishops.",
"Use your queen to deliver a decisive strike!","a6e2","Correct! Now the game
is over.",5]} Qe2 $1 {[%csl Rb2,Rd5,Rg1,Rh5][%cal Ge2b2,Ge2h5,Ge6d5] This
impressive queen thrust wins on the spot.} 22. Bxe6 (22. Qxe2 Nxe2+ 23. Kg2
Bxd5+ {is entirely hopeless for White. Yet, the queen sacrifice loses as well.}
) 22... Qxh5 23. Bxc8 Ne2+ 24. Kh1 $2 (24. Kg2 {was, of course more stubborn;
yet after} Qd5+ 25. f3 (25. Kh3 {is nicely refuted by} Nf4+ $1 26. Kg4 (26.
gxf4 Qf3#) 26... h5+ 27. Kxf4 Bg5#) 25... Qd2 {Black is winning.}) 24... Qf3#
0-1

[Event "SUI-chT"]
[Site "Switzerland"]
[Date "1997.??.??"]
[Round "?"]
[White "Pelletier, Yannick"]
[Black "Atlas, Valeri"]
[Result "0-1"]
[WhiteElo "2470"]
[BlackElo "2460"]
[Annotator "Atlas,V"]
[PlyCount "162"]
[EventDate "1997.??.??"]
[EventType "team-tourn"]
[EventRounds "9"]
[EventCountry "SUI"]
[SourceTitle "CBM 061"]
[Source "ChessBase"]
[SourceDate "1997.11.23"]
[SourceVersion "1"]
[SourceVersionDate "1997.11.23"]
[SourceQuality "1"]

1. Nf3 c5 2. c4 Nf6 3. Nc3 e6 4. g3 b6 5. Bg2 Bb7 6. O-O Be7 7. d4 cxd4 8. Qxd4
d6 9. b3 O-O 10. Rd1 Nbd7 11. e4 Qc8 $5 12. Bb2 a6 13. h3 ({Suba won a nice
game after} 13. Qe3 Re8 14. Nd4 Bf8 15. h3 Qc7 16. Rac1 Rac8 17. Re1 Qb8 18.
Qd2 Nc5 19. Re2 Qa8 20. Rce1 Red8 21. Qe3 g6 22. Rd1 Bg7 23. Ba3 d5 24. exd5
exd5 25. Nc2 Re8 26. Qf4 Ne6 27. Qf3 Ng5 28. Rxe8+ Rxe8 29. Qf4 dxc4 30. Bxb7
Nxh3+ 31. Kh2 Qxb7 32. Kxh3 cxb3 33. axb3 Qc8+ 34. Kg2 Qxc3 35. Qc4 Qxc4 36.
bxc4 h5 37. Rd6 Re2 38. Ne3 Ra2 39. Bb4 Ne4 40. Rd8+ Kh7 {0-1 Xu Jun-Suba,M/
Timisoara 1987}) 13... Qc7 {A slightly different set-up was tested in the game
Rother,C - Roemer,U Deutschland 1992: 13...Rd8 14.Rac1 Qc7 15.Qe3 Rac8 16.Nd4
Qb8 17.Re1 Bf8 18.Kh1 Qa8 19.Kh2 Nc5 20.Bh1 Rc7=.} 14. Qe3 Rfe8 15. Nd4 Rac8
16. Re1 Nf8 $5 $146 {[%cal Gf8g6,Gf6d7,Gd7c5,Ge7f6] A new concept in this
position. Instead of setting his bishop on f8, Black leaves him on the
diagonal d8-h4, intending to transfer the f6-knight to c5.} 17. Rac1 Qb8 18.
Qd2 N6d7 19. Rcd1 Nc5 $11 20. Re2 Bf6 21. Ba1 Red8 22. Qe3 Re8 $5 23. Qd2 Red8
24. Qe3 Re8 25. Nc2 Rcd8 26. Red2 Be7 27. Qe2 Ncd7 28. Bb2 Qa8 $5 (28... Rc8 {
was an option here. Black provokes White's active operations on the queenside,
intending to use the pawn weaknesses which White creates in his own position.})
29. Ba3 Nc5 30. b4 $5 Ncd7 31. b5 Nc5 32. bxa6 Bxa6 (32... Qxa6 $2 {falls
short after} 33. Nb5) 33. Nb5 Qb8 ({Certianly, not} 33... Bxb5 $2 34. cxb5 {
, and the white knight penetrates to the key c6-square}) 34. Nb4 Bb7 35. Bb2
Rd7 36. h4 Red8 {Black managed to protect his weak d6-pawn and intends to
explore the weanknesses on White's queenside.} 37. a3 Qa8 38. Re1 h6 $1 {
Preparing Nf8-h7 and Be7-f6} 39. Qg4 $6 {Imprecision in the time-trouble.} Ng6
40. h5 $2 $138 {This mistake yields Black a chance to obtain a large advantage.
The queen retreat 40. Qe2 was essential.} Ne5 41. Qe2 $2 ({After} 41. Bxe5 dxe5
$17 {Black has a huge positional advantage, but the text move is losing.})
41... Bf8 $2 $15 ({Overlooking the decisive thematic blow:} 41... Bxe4 $1 42.
Bxe4 Qxe4 43. Qxe4 Nxe4 44. Rxe4 Nf3+ $19 {After the text move Black retains a
slight advantage, but he has to win the game anew.}) 42. f4 Nc6 43. Kh2 Na5 44.
Rc2 Re8 45. Nc3 $6 {An impresicion. There was no need to withdraw the knight.}
Nab3 $1 46. Nb5 Na4 $1 {Capturing the b2-bishop. Now Black is clearly better.}
47. Nd3 Nxb2 48. Rxb2 Na5 49. Nb4 Rc8 50. Rc2 Rc5 $1 {In absence of the white
dark-squared bishop, Black has an opportunity to effectively set his forces.}
51. Nd4 (51. Rec1 {fails to} Nxc4) 51... Qd8 52. Bf3 $6 ({This move allows
Black to obtain a winning position by force.} 52. Kg1 {was to be preferred,
though in this case Black has excellent winning perspectives.}) 52... e5 $1 $17
{The decisive blow. Now White is lost.} 53. fxe5 (53. Nf5 {is refuted by} exf4
54. gxf4 Rxf5 $1 55. exf5 Bxf3 (55... Qh4+ $19 56. Kg2 Re7 57. Qf2 Qg4+) 56.
Qxf3 Qh4+ $19) 53... dxe5 54. Nf5 Nxc4 $1 55. Nd5 (55. Rxc4 {loses after} Rd2)
55... Nxa3 56. Rxc5 bxc5 57. Qb2 Nc4 58. Qc3 Qa5 59. Rc1 Qxc3 60. Rxc3 Nd2 $19
61. Nxh6+ Kh7 62. Ng4 Bxd5 63. exd5 e4 {The rest needs no comments.} 64. Be2
Rxd5 65. h6 Nb1 66. Rc2 Rd2 67. hxg7 Bxg7 68. Rxd2 Nxd2 69. Ne3 Kg6 70. Kg2 Bd4
71. Nc4 Nxc4 72. Bxc4 f5 73. Kf1 Kf6 74. Ke2 Ke5 75. Ba6 Bg1 76. Bb5 Bh2 77.
Kf2 Kd4 78. Bd7 c4 79. Bxf5 Kd3 80. Bd7 e3+ 81. Kf3 e2 0-1

[Event "Olympiad-36"]
[Site "Mallorca"]
[Date "2004.10.22"]
[Round "7"]
[White "Dizdarevic, Emir"]
[Black "Graf, Alexander"]
[Result "0-1"]
[WhiteElo "2538"]
[BlackElo "2646"]
[Annotator "Atlas,V"]
[PlyCount "84"]
[EventDate "2004.10.15"]
[EventType "team-swiss"]
[EventRounds "14"]
[EventCountry "ESP"]
[SourceTitle "CBM 104"]
[Source "ChessBase"]
[SourceDate "2005.01.27"]
[SourceVersion "1"]
[SourceVersionDate "2005.01.27"]
[SourceQuality "1"]
[WhiteTeam "Bosnia&Herzegovina"]
[BlackTeam "Germany"]
[WhiteTeamCountry "BIH"]
[BlackTeamCountry "GER"]

1. Nf3 Nf6 2. g3 b6 3. Bg2 Bb7 4. c4 c5 5. O-O e6 6. d4 cxd4 7. Qxd4 Be7 8. Nc3
d6 9. Bg5 a6 10. Bxf6 Bxf6 11. Qd3 Ra7 12. Rfd1 Be7 13. Ne4 O-O 14. Rd2 Nd7 15.
Rad1 Nc5 16. Nxc5 bxc5 17. Ne5 Qc7 18. Bxb7 Rxb7 19. Nf3 Rfb8 20. b3 a5 21. Qc2
a4 22. Rd3 axb3 23. Rxb3 Rxb3 24. axb3 Qb6 25. Rb1 Ra8 26. Ne1 $6 {Keeping the
knight on f3, preventing the transfer of the black bishop to d4, was more
prudent.} Bf6 27. Nd3 g6 28. Qd2 (28. h4 $5 {/\h5 deserved attention here.})
28... Kg7 29. Qf4 $6 {Allows for further activation of Black's pieces.} Ra3 30.
Nc1 Qc6 31. Nd3 Ra2 32. Nc1 Rc2 33. Qe3 Bd4 {White's defensive setup seems to
be inefficient: Black pieces dominate the board.} 34. Qd3 Rc3 35. Qd1 Qe4 36.
Nd3 h5 37. h4 Qf5 38. Rc1 $2 (38. Kg2 {is strongly met by} e5 {, retaining a
large advantage. The text move allows Black to conclude the game in style.} (
38... Rxd3 39. Qxd3 Qxf2+ 40. Kh3)) {[%tqu "En","How can Black use the
superior activity of his pieces?","Eliminate a key defender of White's
kingside.","Use you rook for the decisive strike.","c3d3","After this thematic
sacrifice White's position falls apart.",4]} 38... Rxd3 $1 {[%csl Gd3,Gd4,Rf2,
Gf5,Rg1,Rg3][%cal Gd4g1] The decisive blow!} 39. Qxd3 (39. exd3 {falls short of
} Qxf2+ 40. Kh1 Qxg3 41. Rc2 Be5) 39... Qxf2+ 40. Kh1 $1 Be3 41. Qc3+ e5 42.
Qe1 Qf5 $1 ({White resigned in view of huge material losses:} 42... Qf5 43. Kh2
(43. Kg2 Qe4+ 44. Kh3 Bxc1 45. Qxc1 Qg4+ 46. Kg2 Qxe2+) 43... Bxc1 44. Qxc1
Qf2+) 0-1

[Event "FIDE World Cup"]
[Site "Khanty-Mansiysk"]
[Date "2005.11.29"]
[Round "1.4"]
[White "Istratescu, Andrei"]
[Black "Ftacnik, Lubomir"]
[Result "1-0"]
[WhiteElo "2622"]
[BlackElo "2612"]
[Annotator "Atlas,V"]
[PlyCount "39"]
[EventDate "2005.11.27"]
[EventType "k.o."]
[EventRounds "7"]
[EventCountry "RUS"]
[SourceTitle "CBM 111"]
[Source "ChessBase"]
[SourceDate "2006.04.04"]
[SourceVersion "1"]
[SourceVersionDate "2006.04.04"]
[SourceQuality "1"]

1. c4 Nf6 2. Nf3 c5 3. Nc3 e6 4. g3 b6 5. Bg2 Bb7 6. O-O Be7 7. b3 O-O 8. Bb2
d6 9. e3 Nbd7 10. Qe2 Qc7 11. Rac1 a6 12. Rfd1 Bc6 13. d4 Qb7 14. h4 $1 Rae8 $2
{Obviously overlooking White's next move.} (14... Ne4 {is strongly met by} 15.
d5 $1 {, and after} Nxc3 16. Bxc3 exd5 17. cxd5 Bb5 (17... Bxd5 18. Rxd5 $1)
18. Qc2 {White has a large advantage.}) ({Stronger was} 14... d5 {, retaining
counterchances.}) {[%tqu "En","How can White take advantage of Black's last
careless move?","Exploit an unfortunate placement of Black's queen and
light-squared bishop.","An energetic pawn move should decide the game.","d4d5",
"This powerful blow in the center yields White a decisive advantage.",6]} 15.
d5 $1 {[%csl Rb7,Rc6,Gf3,Gg2] After this impressive blow Black is doomed.} exd5
16. cxd5 Nxd5 (16... Bb5 17. Nxb5 axb5 18. Qxb5 {is also hopeless for Black.})
17. Nxd5 Bxd5 18. Rxd5 $1 {The point of White's combination.} Qxd5 19. Ng5 $1
Qf5 20. Be4 {Winning the queen and the game.} 1-0